All Super Bowl Teams and QBs - Extreme - Statistics

General Stats
  • This quiz has been taken 6 times
  • The average score is 158 of 236
Answer Stats
Year Hint Answers % Correct
1970 Winning Team Baltimore Colts
100%
1968 Losing Team Baltimore Colts
100%
1967 Winning QB Bart Starr
100%
1966 Winning QB Bart Starr
100%
1973 Winning QB Bob Griese
100%
1972 Winning QB Bob Griese
100%
1971 Losing QB Bob Griese
100%
2023 Losing QB Brock Purdy
100%
2021 Losing Team Cincinnati Bengals
100%
1971 Winning Team Dallas Cowboys
100%
1970 Losing Team Dallas Cowboys
100%
1967 Winning Team Green Bay Packers
100%
1966 Winning Team Green Bay Packers
100%
2024 Winning QB Jalen Hurts
100%
2022 Losing QB Jalen Hurts
100%
2021 Losing QB Joe Burrow
100%
1968 Winning QB Joe Namath
100%
1970 Winning QB Johnny Unitas
100%
2023 Winning Team Kansas City Chiefs
100%
2022 Winning Team Kansas City Chiefs
100%
1969 Winning Team Kansas City Chiefs
100%
2024 Losing Team Kansas City Chiefs
100%
1966 Losing Team Kansas City Chiefs
100%
1969 Winning QB Len Dawson
100%
1966 Losing QB Len Dawson
100%
2021 Winning Team Los Angeles Rams
100%
2021 Winning QB Matthew Stafford
100%
1973 Winning Team Miami Dolphins
100%
1972 Winning Team Miami Dolphins
100%
1971 Losing Team Miami Dolphins
100%
1973 Losing Team Minnesota Vikings
100%
1969 Losing Team Minnesota Vikings
100%
1968 Winning Team New York Jets
100%
1967 Losing Team Oakland Raiders
100%
2023 Winning QB Patrick Mahomes
100%
2022 Winning QB Patrick Mahomes
100%
2024 Losing QB Patrick Mahomes
100%
2024 Winning Team Philadelphia Eagles
100%
2022 Losing Team Philadelphia Eagles
100%
1971 Winning QB Roger Staubach
100%
2023 Losing Team San Francisco 49ers
100%
1972 Losing Team Washington Redskins
100%
2010 Winning QB Aaron Rodgers
67%
2008 Losing Team Arizona Cardinals
67%
2016 Losing Team Atlanta Falcons
67%
1998 Losing Team Atlanta Falcons
67%
2012 Winning Team Baltimore Ravens
67%
2000 Winning Team Baltimore Ravens
67%
2008 Winning QB Ben Roethlisberger
67%
2005 Winning QB Ben Roethlisberger
67%
2010 Losing QB Ben Roethlisberger
67%
2002 Winning QB Brad Johnson
67%
1996 Winning QB Brett Favre
67%
1997 Losing QB Brett Favre
67%
1993 Losing Team Buffalo Bills
67%
1992 Losing Team Buffalo Bills
67%
1991 Losing Team Buffalo Bills
67%
1990 Losing Team Buffalo Bills
67%
2015 Losing QB Cam Newton
67%
2015 Losing Team Carolina Panthers
67%
2003 Losing Team Carolina Panthers
67%
1985 Winning Team Chicago Bears
67%
2006 Losing Team Chicago Bears
67%
2012 Losing QB Colin Kaepernick
67%
1995 Winning Team Dallas Cowboys
67%
1993 Winning Team Dallas Cowboys
67%
1992 Winning Team Dallas Cowboys
67%
1977 Winning Team Dallas Cowboys
67%
1978 Losing Team Dallas Cowboys
67%
1975 Losing Team Dallas Cowboys
67%
1984 Losing QB Dan Marino
67%
1967 Losing QB Daryle Lamonica
67%
2015 Winning Team Denver Broncos
67%
1998 Winning Team Denver Broncos
67%
1997 Winning Team Denver Broncos
67%
2013 Losing Team Denver Broncos
67%
1987 Losing Team Denver Broncos
67%
1986 Losing Team Denver Broncos
67%
2004 Losing QB Donovan McNabb
67%
1987 Winning QB Doug Williams
67%
1996 Losing QB Drew Bledsoe
67%
2009 Winning QB Drew Brees
67%
1968 Losing QB Earl Morrall
67%
2011 Winning QB Eli Manning
67%
2007 Winning QB Eli Manning
67%
1976 Losing QB Fran Tarkenton
67%
1974 Losing QB Fran Tarkenton
67%
1973 Losing QB Fran Tarkenton
67%
2010 Winning Team Green Bay Packers
67%
1996 Winning Team Green Bay Packers
67%
1997 Losing Team Green Bay Packers
67%
2006 Winning Team Indianapolis Colts
67%
2009 Losing Team Indianapolis Colts
67%
2003 Losing QB Jake Delhomme
67%
2018 Losing QB Jared Goff
67%
1993 Losing QB Jim Kelly
67%
1992 Losing QB Jim Kelly
67%
1991 Losing QB Jim Kelly
67%
1990 Losing QB Jim Kelly
67%
1985 Winning QB Jim McMahon
67%
2019 Losing QB Jimmy Garoppolo
67%
1980 Winning QB Jim Plunkett
67%
2012 Winning QB Joe Flacco
67%
1988 Winning QB Joe Montana
67%
1984 Winning QB Joe Montana
67%
1982 Winning QB Joe Theismann
67%
1998 Winning QB John Elway
67%
1997 Winning QB John Elway
67%
1987 Losing QB John Elway
67%
1986 Losing QB John Elway
67%
2019 Winning Team Kansas City Chiefs
67%
2020 Losing Team Kansas City Chiefs
67%
1976 Winning QB Ken Stabler
67%
1999 Winning QB Kurt Warner
67%
2008 Losing QB Kurt Warner
67%
2001 Losing QB Kurt Warner
67%
2018 Losing Team Los Angeles Rams
67%
1979 Losing Team Los Angeles Rams
67%
2005 Losing QB Matt Hasselbeck
67%
2016 Losing QB Matt Ryan
67%
1984 Losing Team Miami Dolphins
67%
1976 Losing Team Minnesota Vikings
67%
1974 Losing Team Minnesota Vikings
67%
2018 Winning Team New England Patriots
67%
2016 Winning Team New England Patriots
67%
2014 Winning Team New England Patriots
67%
2004 Winning Team New England Patriots
67%
2003 Winning Team New England Patriots
67%
2001 Winning Team New England Patriots
67%
2017 Losing Team New England Patriots
67%
2011 Losing Team New England Patriots
67%
2007 Losing Team New England Patriots
67%
1996 Losing Team New England Patriots
67%
1985 Losing Team New England Patriots
67%
2009 Winning Team New Orleans Saints
67%
2011 Winning Team New York Giants
67%
2007 Winning Team New York Giants
67%
1990 Winning Team New York Giants
67%
2000 Losing Team New York Giants
67%
2017 Winning QB Nick Foles
67%
1980 Winning Team Oakland Raiders
67%
1976 Winning Team Oakland Raiders
67%
2002 Losing Team Oakland Raiders
67%
2019 Winning QB Patrick Mahomes
67%
2020 Losing QB Patrick Mahomes
67%
2015 Winning QB Peyton Manning
67%
2006 Winning QB Peyton Manning
67%
2013 Losing QB Peyton Manning
67%
2009 Losing QB Peyton Manning
67%
2017 Winning Team Philadelphia Eagles
67%
2004 Losing Team Philadelphia Eagles
67%
2008 Winning Team Pittsburgh Steelers
67%
2005 Winning Team Pittsburgh Steelers
67%
1979 Winning Team Pittsburgh Steelers
67%
1978 Winning Team Pittsburgh Steelers
67%
1975 Winning Team Pittsburgh Steelers
67%
1974 Winning Team Pittsburgh Steelers
67%
2010 Losing Team Pittsburgh Steelers
67%
1995 Losing Team Pittsburgh Steelers
67%
2006 Losing QB Rex Grossman
67%
2002 Losing QB Rich Gannon
67%
1977 Winning QB Roger Staubach
67%
1978 Losing QB Roger Staubach
67%
1975 Losing QB Roger Staubach
67%
2013 Winning QB Russell Wilson
67%
2014 Losing QB Russell Wilson
67%
1994 Losing Team San Diego Chargers
67%
1994 Winning Team San Francisco 49ers
67%
1988 Winning Team San Francisco 49ers
67%
1984 Winning Team San Francisco 49ers
67%
2019 Losing Team San Francisco 49ers
67%
2012 Losing Team San Francisco 49ers
67%
2013 Winning Team Seattle Seahawks
67%
2014 Losing Team Seattle Seahawks
67%
2005 Losing Team Seattle Seahawks
67%
1999 Losing QB Steve McNair
67%
1994 Winning QB Steve Young
67%
1999 Winning Team St. Louis Rams
67%
2001 Losing Team St. Louis Rams
67%
2020 Winning Team Tampa Bay Buccaneers
67%
2002 Winning Team Tampa Bay Buccaneers
67%
1999 Losing Team Tennessee Titans
67%
1979 Winning QB Terry Bradshaw
67%
1978 Winning QB Terry Bradshaw
67%
1975 Winning QB Terry Bradshaw
67%
1974 Winning QB Terry Bradshaw
67%
2020 Winning QB Tom Brady
67%
2018 Winning QB Tom Brady
67%
2016 Winning QB Tom Brady
67%
2014 Winning QB Tom Brady
67%
2004 Winning QB Tom Brady
67%
2003 Winning QB Tom Brady
67%
2001 Winning QB Tom Brady
67%
2017 Losing QB Tom Brady
67%
2011 Losing QB Tom Brady
67%
2007 Losing QB Tom Brady
67%
2000 Winning QB Trent Dilfer
67%
1995 Winning QB Troy Aikman
67%
1993 Winning QB Troy Aikman
67%
1992 Winning QB Troy Aikman
67%
1991 Winning Team Washington Redskins
67%
1987 Winning Team Washington Redskins
67%
1982 Winning Team Washington Redskins
67%
1972 Losing QB Billy Kilmer
33%
1988 Losing QB Boomer Esiason
33%
1988 Losing Team Cincinnati Bengals
33%
1981 Losing Team Cincinnati Bengals
33%
1970 Losing QB Craig Morton
33%
1989 Losing Team Denver Broncos
33%
1977 Losing Team Denver Broncos
33%
1990 Winning QB Jeff Hostetler
33%
1983 Winning QB Jim Plunkett
33%
1969 Losing QB Joe Kapp
33%
1989 Winning QB Joe Montana
33%
1981 Winning QB Joe Montana
33%
1983 Losing QB Joe Theismann
33%
1989 Losing QB John Elway
33%
1981 Losing QB Ken Anderson
33%
2000 Losing QB Kerry Collins
33%
1983 Winning Team Los Angeles Raiders
33%
1991 Winning QB Mark Rypien
33%
1982 Losing Team Miami Dolphins
33%
1986 Winning Team New York Giants
33%
1980 Losing Team Philadelphia Eagles
33%
1986 Winning QB Phil Simms
33%
1989 Winning Team San Francisco 49ers
33%
1981 Winning Team San Francisco 49ers
33%
1985 Losing QB Tony Eason
33%
1983 Losing Team Washington Redskins
33%
1998 Losing QB Chris Chandler
0%
1977 Losing QB Craig Morton
0%
1982 Losing QB David Woodley
0%
1995 Losing QB Neil O’Donnell
0%
1980 Losing QB Ron Jaworski
0%
1994 Losing QB Stan Humphries
0%
1979 Losing QB Vince Ferragamo
0%
No matching quizzes found
Score Distribution
Percent of People with Each Score
Percentile by Number Answered
Your Score History
You have not taken this quiz